000
00191nam a22000977a 4500
100
_a
Mayaram
245
_a
Rashtiya pram ki kahaniya
260
_b
Gyanvigyan
300
_a
159
942
_2
ddc
_c
ST
999
_c
4336
_d
4336